000 00344nam a22001337a 4500
003 SGT
020 _a9788126721023
082 _a891.4309
_bM11J
100 _aजोशी, दिलीप
245 _aमंजिल अब भी दूर
260 _bराजकमल प्रकाशन
_c2011
300 _a175
942 _2ddc
_cBK
999 _c29842
_d29842